Unstuck : (Record no. 2494)
[ view plain ]
| 000 -LEADER | |
|---|---|
| fixed length control field | 01041nac a22002531u 4500 |
| 008 - FIXED-LENGTH DATA ELEMENTS--GENERAL INFORMATION | |
| fixed length control field | 100921t xxu||||| |||| 00| 0 eng d |
| 010 ## - LIBRARY OF CONGRESS CONTROL NUMBER | |
| LC control number | 2004300210 |
| 020 ## - INTERNATIONAL STANDARD BOOK NUMBER | |
| International Standard Book Number | 1591840376 |
| 035 ## - SYSTEM CONTROL NUMBER | |
| System control number | (OCoLC)ocm54971448 |
| 082 04 - DEWEY DECIMAL CLASSIFICATION NUMBER | |
| Classification number | 658.4036 |
| Item number | YAM |
| 100 ## - MAIN ENTRY--PERSONAL NAME | |
| Personal name | Yamashita, Keith. |
| 9 (RLIN) | 19639 |
| 245 10 - TITLE STATEMENT | |
| Title | Unstuck : |
| Remainder of title | A Tool for Yourself, Your Team, and Your World / |
| Statement of responsibility, etc | Keith Yamashita and Sandra Spataro. |
| 260 ## - PUBLICATION, DISTRIBUTION, ETC. (IMPRINT) | |
| Place of publication, distribution, etc | New York : |
| Name of publisher, distributor, etc | Portfolio, |
| Date of publication, distribution, etc | 2004. |
| 300 ## - PHYSICAL DESCRIPTION | |
| Extent | 179 p. : |
| Other physical details | ill. ; |
| Dimensions | 19 cm. |
| 500 ## - GENERAL NOTE | |
| General note | Shuaa. |
| 504 ## - BIBLIOGRAPHY, ETC. NOTE | |
| Bibliography, etc | Includes bibliographical references (p. 172-173). |
| 650 #0 - SUBJECT ADDED ENTRY--TOPICAL TERM | |
| Topical term or geographic name as entry element | Teams in the workplace. |
| 9 (RLIN) | 19640 |
| 650 #0 - SUBJECT ADDED ENTRY--TOPICAL TERM | |
| Topical term or geographic name as entry element | Group decision making. |
| 9 (RLIN) | 19641 |
| 650 #0 - SUBJECT ADDED ENTRY--TOPICAL TERM | |
| Topical term or geographic name as entry element | Group problem solving. |
| 9 (RLIN) | 19642 |
| 700 1# - ADDED ENTRY--PERSONAL NAME | |
| Personal name | Spataro, Sandra. |
| 9 (RLIN) | 19643 |
| 856 41 - ELECTRONIC LOCATION AND ACCESS | |
| Materials specified | Table of contents |
| Uniform Resource Identifier | <a href="http://www.loc.gov/catdir/toc/fy045/2004300210.html">http://www.loc.gov/catdir/toc/fy045/2004300210.html</a> |
| 942 ## - ADDED ENTRY ELEMENTS (KOHA) | |
| Item type | Book - Borrowing |
| Call number prefix | 658.4036 YAM |
| Source of classification or shelving scheme | Dewey Decimal Classification |
| Withdrawn status | Item status | Source of classification or shelving scheme | Damaged status | Not for loan | Vendor | Home library | Current library | Shelving location | Date acquired | Source of acquisition | Total Checkouts | Total Renewals | Full call number | Barcode | Date last seen | Date last borrowed | Koha item type |
|---|---|---|---|---|---|---|---|---|---|---|---|---|---|---|---|---|---|
| Dewey Decimal Classification | Central Library | Central Library | First floor | 21/09/2010 | 1 | 2 | 658.4036 YAM | 000001652 | 15/07/2025 | 07/11/2013 | Book - Borrowing |